000 00432nam a2200193Ia 4500
005 20240823032842.0
008 240823s9999||||xx |||||||||||||| ||und||
020 _a978-81-907120-8-8
041 _aENGLISH
082 _A025.04014 P8
100 _aManikandan Turai
245 0 _aInayamum Tamilum
250 _a1st
260 _c2008
_bNal
500 _aYES
650 _aTamil Book
_bGeneral
942 _cBK
999 _c194413
_d194413